Gary Stanley Becker a ľudský kapitál.

História Nobelovej ceny za ekonómiu, stručný prehľad jej nositeľov. Vedecký prínos a dielo G.S. Beckera, nositeľa tejto ceny v roku 1992. Teória ľudského kapitálu.

Gespeichert in:
Bibliographische Detailangaben
1. Verfasser: Iša, Ján
Format: Buchkapitel
Sprache:Slowakisch
Schlagworte:
Tags: Tag hinzufügen
Keine Tags, Fügen Sie das erste Tag hinzu!

MARC

LEADER 00000naa a2200000 4500
001 r012475
005 20220826091909.7
041 0 |a slo 
044 |a SK 
245 1 0 |a Gary Stanley Becker a ľudský kapitál.  |c Jan Iša 
520 |a História Nobelovej ceny za ekonómiu, stručný prehľad jej nositeľov. Vedecký prínos a dielo G.S. Beckera, nositeľa tejto ceny v roku 1992. Teória ľudského kapitálu. 
610 2 0 |a Becker, G.S. 
610 2 0 |a Nobelova cena 
610 2 0 |a 1992 
610 2 0 |a ekonómia 
610 2 0 |a potenciál ľudský 
100 1 |a Iša, Ján